000 00710nam a22002177i 4500
999 _c23271
_d23271
003 AR-CdUCM
008 250415b20102010 pe||||| |||| 00| 0 eng d
020 _a978-1-60553-021-5
040 _aMUNICIPALIDAD PROVINCIAL DEL CUSCO
_cBIBLIOTECA MUNICIPAL DEL CUSCO
041 _hspa
082 _aPI / 869.56 / D82
_bD82
100 _aWeber, Louis
_951132
245 _aToy story :
_bLibro de aventuras con dispositivo de poderes /
260 _aOhio, EEUU
_bPublication Internationa
_c2010
300 _a10 páginas. :
_bIlustraciones
_c25x20 cm.
650 _aLiteratura infantil
_9588
650 _aPrimera infancia
_924660
856 _fwww.pilbooks.com
942 _2ddc
_cLIBROS
945 _apbjr
_d15-04-2025